Largest islands in the Isles of Scilly - Statistics

General Stats
  • This quiz has been taken 45 times
  • The average score is 6 of 10
Answer Stats
Answer Area (km²) % Correct
St Agnes (with Gugh) 1.48
100%
St Martin's (with White Island) 2.37
100%
Tresco 2.97
93%
St Mary's 6.58
76%
Bryher (with Gweal) 1.32
66%
Samson 0.38
59%
Annet 0.21
38%
Tean 0.16
38%
St Helen's 0.20
34%
Great Ganilly 0.13
21%
No matching quizzes found
Score Distribution
Percent of People with Each Score
Percentile by Number Answered
Your Score History
You have not taken this quiz